| 000 | 00552nam a2200169 i 4500 | ||
|---|---|---|---|
| 001 | 91135 | ||
| 003 | ES-MaACL | ||
| 005 | 20230906180641.0 | ||
| 007 | t| | ||
| 008 | 050127s1969 sp ||||1| spa d | ||
| 100 | 1 |
_aLeoni, Francesco. _971690 |
|
| 245 | 1 | 3 |
_aLa regulación legislativa del partido político / _cFrancesco Leoni ; traducción del italiano por Luis Ruiz Hernández. |
| 260 |
_aMadrid : _bEditora Nacional, _c1969. |
||
| 300 |
_aXV, 213 p. ; _c24 cm. |
||
| 700 | 1 |
_aRuiz Hernández, Luis. _9100832 |
|
| 852 |
_aES-MaACL _jC-35515 _bR.68653 |
||
| 999 |
_c91135 _d91135 |
||